Books Missing 'C' Words Quiz Stats

 Plays Quiz Updated Jun 25, 2018

Challenge
Share
Tweet
Score 0/18 Timer 03:00
53 Plays Today
Hint Answer % Correct
Christmas
98%
Catch
95.7%
Count
95.5%
Casino
94%
Cancer
93.4%
Chamber
92.3%
Crusoe
91.3%
Canterbury
89.5%
Choice
89.2%
Hint Answer % Correct
Champions
83.8%
Cupboard
83.4%
Chimpanzees
83.2%
Cholera
72.7%
Claudius
71%
Carrie
27.8%
Celestine
24.3%
Consent
11.8%
Caves
9.4%

You're not logged in!

Compare scores with friends on all Sporcle quizzes.
OR
Log In

You Might Also Like...

Show Comments

Extras

Top Quizzes Today


Score Distribution

Your Account Isn't Verified!

In order to create a playlist on Sporcle, you need to verify the email address you used during registration. Go to your Sporcle Settings to finish the process.

Report this User

Report this user for behavior that violates our Community Guidelines.

Details: